| 000 | 00577na a2200205 4500 | ||
|---|---|---|---|
| 001 | 18275 | ||
| 003 | MIRAKIL | ||
| 005 | 20181213154808.0 | ||
| 008 | 161115b tu 000 0 | ||
| 040 |
_aMilas _btur _cTR-AnCHP |
||
| 041 | _atur | ||
| 082 |
_a338.9561 _bB74 2008 |
||
| 090 | _a338.9561 B74 2008 | ||
| 111 | _aBölgesel kalkınma ajansları | ||
| 245 | _aBölgesel kalkınma ajansları | ||
| 260 |
_a[y.y] _bFriedrich Naumann Vakfı _c2008 |
||
| 300 |
_a254 s. _bgrf., şkl. _c20 sm. |
||
| 650 |
_aKalkınma ajansları _xbölgesel _ytoplantılar |
||
| 942 |
_2ddc _cBKS |
||
| 999 |
_c983 _d983 |
||